| 000 | 00868cam a2200205 4500 | ||
|---|---|---|---|
| 999 |
_c116553 _d116553 |
||
| 003 | OSt | ||
| 005 | 20251124110331.0 | ||
| 008 | 111007n 000 0 eng u | ||
| 020 | _a0398036039. | ||
| 040 |
_aLC _cUNZA _eRDA |
||
| 050 |
_aBF176 _bAND 1977 |
||
| 100 |
_aAndrulis, Richard S. _eauthor |
||
| 245 |
_aAdult assessment : _b a source book of tests and measures of human behavior / _c by Richard S. Andrulis, Associate Professor of Psychology, The American College, Bryn Maur, Pennsylvania; with a Contribution by John Bjtelsmit, M. S., Assistant Professor of Psychology, The American College, Bryn Maur, Pennsylvania. |
||
| 260 |
_aSpringfield, Ill. : _bThomas, _c 1977. |
||
| 300 | _axx, 325 pages. | ||
| 504 | _aIncludes bibliographies and indexes. | ||
| 650 | _aPsychological tests. | ||
| 700 |
_aBajtelsmit, John. _econtributor |
||
| 942 |
_2lcc _cBOOK |
||